Algorithms and automation : (Record no. 1429731)

MARC details
000 -LEADER
fixed length control field 00590nam a2200193Ia 4500
005 - DATE AND TIME OF LATEST TRANSACTION
control field 20250522104248.0
008 - FIXED-LENGTH DATA ELEMENTS--GENERAL INFORMATION
fixed length control field 008 250516s9999 xx 000 0 eng d
020 ## - INTERNATIONAL STANDARD BOOK NUMBER
International Standard Book Number 9781032825434
040 ## - CATALOGING SOURCE
Original cataloging agency SDCL
Language of cataloging eng
Transcribing agency SDCL
041 ## - LANGUAGE CODE
Language code of text/sound track or separate title eng
Source of code eng
084 ## - COLON CLASSIFICATION NUMBER
Classification number W:28(D651:4), R4
Assigning agency SDCL
100 ## - MAIN ENTRY--PERSONAL NAME
Personal name Kera, Denisa Reshef
9 (RLIN) 752487
245 #0 - TITLE STATEMENT
Title Algorithms and automation :
Remainder of title Governance over rituals, machines, and prototypes, from sundial to blockchain
260 ## - PUBLICATION, DISTRIBUTION, ETC.
Place of publication, distribution, etc. London:
Name of publisher, distributor, etc. Routledge,
Date of publication, distribution, etc. 2024.
300 ## - PHYSICAL DESCRIPTION
Extent xiii,255p.
365 ## - TRADE PRICE
Price type code INR
Price amount 1295
650 ## - SUBJECT ADDED ENTRY--TOPICAL TERM
Topical term or geographic name entry element Political Science
942 ## - ADDED ENTRY ELEMENTS (KOHA)
Koha item type Textual

No items available.

Copyright @ Delhi University Library System